| 000 | 00411nam a2200145Ia 4500 | ||
|---|---|---|---|
| 008 | 230917s9999||||xx |||||||||||||| ||und|| | ||
| 040 |
_e240611 _aMAIN |
||
| 041 | _aEnglish | ||
| 082 | _a511.313 D851G | ||
| 100 | _aDubey, Pratibha | ||
| 245 | 0 | _aGeneralizations of entropy measures in intuitionistic and interval valued intuitionistic fuzzy environment | |
| 260 | _c2016 | ||
| 300 | _a161 p. | ||
| 942 | _cTH | ||
| 999 |
_c127016 _d127016 |
||